[Event "2BLW 1819 TSV Schott Mainz - SC Remagen"]
[Site "?"]
[Date "2019.02.03"]
[Round "6.2"]
[White "Balcerak, Jakob"]
[Black "Dgebuadze, Alexandre"]
[Result "0-1"]
[WhiteElo "2473"]
[BlackElo "2476"]
[PlyCount "46"]
[EventDate "2019.??.??"]

1. e4 e6 2. d4 d5 3. Nc3 Bb4 4. e5 Ne7 5. a3 Bxc3+ 6. bxc3 c5 7. Qg4 O-O 8. Bd3
Nbc6 9. Qh5 Ng6 10. Nf3 Qc7 11. Be3 c4 12. Bxg6 fxg6 13. Qg4 Bd7 14. h4 Rf5 15.
Ng5 Qa5 16. Kd2 Raf8 17. f4 Nxd4 18. h5 Nb5 19. hxg6 Qxc3+ 20. Ke2 Qxc2+ 21.
Kf3 h6 22. Kg3 Qd3 23. Rae1 d4 0-1

[Event "2BLW 1819 TSV Schott Mainz - SC Remagen"]
[Site "?"]
[Date "2019.02.03"]
[Round "6.3"]
[White "Popovic, Petar"]
[Black "Krivonosov, Oleg"]
[Result "1/2-1/2"]
[WhiteElo "2445"]
[BlackElo "2390"]
[PlyCount "22"]
[EventDate "2019.??.??"]

1. e4 e5 2. Nf3 Nc6 3. Nc3 Nf6 4. Bb5 Nd4 5. Nxd4 exd4 6. e5 dxc3 7. exf6 Qxf6
8. dxc3 Bc5 9. O-O O-O 10. Qh5 d6 11. a4 a6 1/2-1/2

[Event "2BLW 1819 TSV Schott Mainz - SC Remagen"]
[Site "?"]
[Date "2019.02.03"]
[Round "6.4"]
[White "Cicak, Slavko"]
[Black "Cioara, Andrei-Nestor"]
[Result "1/2-1/2"]
[WhiteElo "2491"]
[BlackElo "2425"]
[PlyCount "24"]
[EventDate "2019.??.??"]

1. e4 d5 2. exd5 Qxd5 3. Nc3 Qa5 4. Bc4 Nf6 5. Qe2 Bg4 6. f3 Bf5 7. d3 Nc6 8.
Bb5 Bd7 9. Qf2 O-O-O 10. Bxc6 Bxc6 11. Nge2 e5 12. O-O Bc5 1/2-1/2

[Event "2BLW 1819 TSV Schott Mainz - SC Remagen"]
[Site "?"]
[Date "2019.02.03"]
[Round "6.5"]
[White "Petrisor, Adrian-Marian"]
[Black "Schenderowitsch, Michael"]
[Result "1/2-1/2"]
[WhiteElo "2419"]
[BlackElo "2331"]
[PlyCount "49"]
[EventDate "2019.??.??"]

1. e4 e6 2. d4 d5 3. Bd3 dxe4 4. Bxe4 Nf6 5. Bf3 c5 6. Ne2 Nbd7 7. O-O Be7 8.
dxc5 Bxc5 9. a3 Ne5 10. Qxd8+ Kxd8 11. Nd2 a5 12. Nc3 Nxf3+ 13. Nxf3 Ke7 14.
Ne5 Bd4 15. Nc4 Bd7 16. Rd1 Bxc3 17. bxc3 b5 18. Nb6 Rab8 19. Be3 Rhd8 20. c4
Bc6 21. cxb5 Bxb5 22. c4 Bc6 23. f3 Rxd1+ 24. Rxd1 Rd8 25. Rxd8 1/2-1/2

[Event "2BLW 1819 TSV Schott Mainz - SC Remagen"]
[Site "?"]
[Date "2019.02.03"]
[Round "6.6"]
[White "Wornath, Kai"]
[Black "Alienkin, Aleksander"]
[Result "1/2-1/2"]
[WhiteElo "2407"]
[BlackElo "2389"]
[PlyCount "40"]
[EventDate "2019.??.??"]

1. d4 Nf6 2. c4 e6 3. Nf3 b6 4. g3 Bb7 5. Bg2 Bb4+ 6. Bd2 a5 7. O-O O-O 8. Nc3
d6 9. a3 Bxc3 10. Bxc3 a4 11. d5 Ne4 12. Bd4 e5 13. Be3 Nd7 14. Qc2 Nec5 15.
Ng5 f5 16. f4 exf4 17. gxf4 Qe7 18. Bf2 Rae8 19. Rae1 h6 20. Nf3 Qe4 1/2-1/2

[Event "2BLW 1819 TSV Schott Mainz - SC Remagen"]
[Site "?"]
[Date "2019.02.03"]
[Round "6.7"]
[White "Huhndorf, Arnold"]
[Black "Bewersdorff, Oliver"]
[Result "1/2-1/2"]
[WhiteElo "2245"]
[BlackElo "2271"]
[PlyCount "62"]
[EventDate "2019.??.??"]

1. d4 Nf6 2. c4 g6 3. Nc3 d5 4. cxd5 Nxd5 5. e4 Nxc3 6. bxc3 Bg7 7. Nf3 c5 8.
Be3 Qa5 9. Qd2 Nc6 10. Rb1 cxd4 11. cxd4 O-O 12. Qxa5 Nxa5 13. Bd3 b6 14. Ke2
Bg4 15. Rhc1 Rfd8 16. d5 e6 17. h3 Bxf3+ 18. Kxf3 Be5 19. Ke2 exd5 20. exd5
Rac8 21. Bh6 f6 22. Ba6 Rb8 23. Rd1 Re8 24. Kf3 Rbd8 25. Rbc1 Re7 26. Bf4 Bxf4
27. Kxf4 Nb7 28. Bxb7 Rxb7 29. Rc6 Kf7 30. Rd3 Rbd7 31. Ra3 h5 1/2-1/2

[Event "2BLW 1819 TSV Schott Mainz - SC Remagen"]
[Site "?"]
[Date "2019.02.03"]
[Round "6.8"]
[White "Gohil, Harry"]
[Black "Busch, Raimund"]
[Result "1-0"]
[WhiteElo "2228"]
[BlackElo "2217"]
[PlyCount "103"]
[EventDate "2019.??.??"]

1. d4 Nf6 2. Bg5 Ne4 3. Bf4 d5 4. e3 e6 5. Bd3 Bd6 6. Ne2 O-O 7. Bxe4 dxe4 8.
Nd2 f5 9. f3 exf3 10. Nxf3 Nd7 11. O-O Nf6 12. Bg5 Qe8 13. Bxf6 Rxf6 14. Qd3
Bd7 15. Nc3 Bc6 16. e4 Bb4 17. exf5 Rxf5 18. Ne4 Rd8 19. Ng3 Ra5 20. a3 Be7 21.
Rae1 Bxf3 22. Qxf3 Bf6 23. c3 Qd7 24. Nh5 Rf8 25. Qg4 Rg5 26. Nxf6+ gxf6 27.
Qxe6+ Qxe6 28. Rxe6 Kg7 29. g3 a5 30. Kg2 h5 31. h4 Rb5 32. b4 axb4 33. axb4
Rd5 34. Rf4 Rd7 35. Kf3 Kg6 36. b5 Rdf7 37. g4 hxg4+ 38. Kxg4 Rg7 39. Kf3 Rh7
40. c4 Rhf7 41. d5 b6 42. d6 cxd6 43. Rxd6 Rb7 44. Kg4 Kg7 45. Kf5 Rff7 46.
Rg4+ Kh6 47. Rg6+ Kh5 48. Rgxf6 Kxh4 49. Rxf7 Rxf7+ 50. Ke5 Rc7 51. Kd5 Kh5 52.
Rxb6 1-0

[Event "2BLW 1819 SG Solingen II - Bochumer SV "]
[Site "?"]
[Date "2019.02.03"]
[Round "6.2"]
[White "Schlecht, Daniel"]
[Black "Illner, Achim"]
[Result "1/2-1/2"]
[WhiteElo "2375"]
[BlackElo "2467"]
[PlyCount "40"]
[EventDate "2019.??.??"]

1. d4 Nf6 2. c4 e6 3. Nc3 Bb4 4. Qc2 c5 5. dxc5 O-O 6. Nf3 Na6 7. g3 Nxc5 8.
Bg2 Nce4 9. O-O Nxc3 10. bxc3 Be7 11. e4 d6 12. e5 dxe5 13. Nxe5 Qc7 14. Qe2
Bd6 15. Re1 Nd7 16. Bf4 Nxe5 17. Bxe5 Bxe5 18. Qxe5 Qxc4 19. Red1 a5 20. a4 f6
{(=)} 1/2-1/2

[Event "2BLW 1819 SG Solingen II - Bochumer SV "]
[Site "?"]
[Date "2019.02.03"]
[Round "6.3"]
[White "Wolter, Detlev"]
[Black "Schroeder, Kevin"]
[Result "1/2-1/2"]
[WhiteElo "2218"]
[BlackElo "2332"]
[PlyCount "146"]
[EventDate "2019.??.??"]

1. d4 g6 2. g3 Bg7 3. Bg2 c6 4. c4 f5 5. Nh3 d6 6. d5 Nf6 7. Nf4 O-O 8. h4 e5
9. dxe6 Na6 10. h5 g5 11. h6 Bh8 12. Nh3 g4 13. Ng5 Nc5 14. Nf7 Qe7 15. Nxh8
Kxh8 16. b3 Nxe6 17. Nc3 Kg8 18. Ba3 Ne8 19. Qd2 Qg5 20. e3 Nc5 21. b4 Nd7 22.
Rd1 Rf6 23. b5 c5 24. Qd5+ Kf8 25. Ne4 Qg6 26. Nxf6 Qxf6 27. Qd2 Nb6 28. Bb2
Qf7 29. Qc3 Be6 30. O-O Nxc4 31. Qh8+ Qg8 32. Bxb7 Rb8 33. Bc6 Qxh8 34. Bxh8
Nc7 35. a4 Ke7 36. Bc3 a6 37. bxa6 Rb6 38. Bb5 Nxa6 39. Bxc4 Bxc4 40. Rb1 Nb4
41. Rfd1 d5 42. Rd2 Kf7 43. a5 Rb5 44. a6 Ra5 45. Ra1 Rxa1+ 46. Bxa1 Nxa6 47.
Bg7 Kg6 48. Rb2 Nb4 49. Bf8 Kh5 50. Rb1 Bd3 51. Rc1 Na6 52. Bxc5 Nxc5 53. Rxc5
Be4 54. Rc6 d4 55. Rd6 dxe3 56. fxe3 Bc2 57. Kf2 Bb3 58. e4 fxe4 59. Ke3 Bc2
60. Kf4 Bd3 61. Rc6 e3 62. Kxe3 Bg6 63. Kf4 Kxh6 64. Kxg4 Kg7 65. Kg5 h6+ 66.
Kf4 Bb1 67. Rb6 Bc2 68. Kg4 Bg6 69. Kh4 Be8 70. g4 Bg6 71. g5 hxg5+ 72. Kxg5
Bh7 73. Rb7+ Kh8 1/2-1/2

[Event "2BLW 1819 SG Solingen II - Bochumer SV "]
[Site "?"]
[Date "2019.02.03"]
[Round "6.4"]
[White "Schaefer, Markus"]
[Black "Kiese, Matthias"]
[Result "1-0"]
[WhiteElo "2382"]
[BlackElo "2220"]
[PlyCount "53"]
[EventDate "2019.??.??"]

1. e4 c5 2. Nf3 d6 3. d4 cxd4 4. Nxd4 Nf6 5. Nc3 a6 6. Bc4 e6 7. a4 Be7 8. O-O
O-O 9. Ba2 Nc6 10. Be3 Bd7 11. Qe2 Rc8 12. f4 Qc7 13. Kh1 Na5 14. Rad1 Nc4 15.
Bc1 Rfe8 16. Rd3 Qc5 17. Bxc4 Qxc4 18. e5 Nd5 19. Ne4 Nb4 20. b3 Qc7 21. exd6
Bxd6 22. Rg3 Be7 23. Bb2 g6 24. c4 Nc6 25. Qh5 Nxd4 26. Bxd4 Bc6 27. Qxh7+ 1-0

[Event "2BLW 1819 SG Solingen II - Bochumer SV "]
[Site "?"]
[Date "2019.02.03"]
[Round "6.5"]
[White "Jellinghaus, Lars"]
[Black "Berg, Michael"]
[Result "1-0"]
[WhiteElo "2225"]
[BlackElo "2314"]
[PlyCount "85"]
[EventDate "2019.??.??"]

1. d4 Nf6 2. c4 c5 3. d5 b5 4. Nd2 e6 5. e4 bxc4 6. dxe6 dxe6 7. e5 c3 8. exf6
cxd2+ 9. Bxd2 Nd7 10. Qa4 Rb8 11. O-O-O gxf6 12. Ba5 Qe7 13. Bb5 Bh6+ 14. Kb1
Rg8 15. g3 Rg5 16. f4 Rd5 17. Nf3 Bb7 18. Bc6 Qd6 19. Bxd5 Bxd5 20. Rhe1 Kf8
21. Nd2 Nb6 22. Qc2 f5 23. Bc3 Qc6 24. Be5 Rb7 25. Rc1 Na4 26. Ka1 Kg8 27. b3
Bf8 28. bxa4 Rb4 29. Rb1 Rxa4 30. Rb2 c4 31. g4 fxg4 32. Rg1 f5 33. h3 c3 34.
Bxc3 Rxf4 35. hxg4 Qc5 36. Qc1 fxg4 37. Nb3 Qc4 38. Nd2 Qa4 39. Qe1 Bd6 40. Qh4
Qe8 41. Rxg4+ Rxg4 42. Qxg4+ Qg6 43. Qd4 1-0

[Event "2BLW 1819 SG Solingen II - Bochumer SV "]
[Site "?"]
[Date "2019.02.03"]
[Round "6.7"]
[White "Heinbuch, Detlef Ulrich"]
[Black "Hobusch, Jan"]
[Result "1/2-1/2"]
[WhiteElo "2290"]
[BlackElo "2217"]
[PlyCount "33"]
[EventDate "2019.??.??"]

1. c4 c6 2. Nf3 d5 3. e3 Nf6 4. b3 Bg4 5. Bb2 e6 6. Be2 Nbd7 7. O-O Bd6 8. d4
O-O 9. Nbd2 Qb8 10. h3 Bh5 11. Ne1 Bg6 12. Bd3 e5 13. cxd5 cxd5 14. dxe5 Bxe5
15. Bxe5 Nxe5 16. Bxg6 hxg6 17. Nef3 {(=)} 1/2-1/2

[Event "2BLW 1819 SG Solingen II - Bochumer SV "]
[Site "?"]
[Date "2019.02.03"]
[Round "6.8"]
[White "Zolfagharian, Kevin"]
[Black "Kraemer, Matthias"]
[Result "1/2-1/2"]
[WhiteElo "2190"]
[BlackElo "2234"]
[PlyCount "61"]
[EventDate "2019.??.??"]

1. e4 c5 2. Nf3 g6 3. d4 cxd4 4. Nxd4 Bg7 5. c4 Nc6 6. Be3 Nf6 7. Nc3 O-O 8.
Be2 d6 9. O-O Bd7 10. Qd2 Nxd4 11. Bxd4 Bc6 12. f3 a5 13. Rfc1 Nd7 14. Be3 Nc5
15. Rab1 Re8 16. b3 e6 17. Rc2 Be5 18. Bf1 Qh4 19. g3 Qf6 20. Bg2 Qe7 21. Ne2
Red8 22. Bg5 Bf6 23. Bxf6 Qxf6 24. Qd4 Qxd4+ 25. Nxd4 Kf8 26. Rd1 Ke7 27. Kf2
Rab8 28. Ke3 e5 29. Ne2 b5 30. cxb5 Rxb5 31. Rc4 {(=)} 1/2-1/2

[Event "2BLW 1819 DJK Aachen II - Aachener SV"]
[Site "?"]
[Date "2019.02.03"]
[Round "6.2"]
[White "Van Dooren, Dirk"]
[Black "Koch, Thomas"]
[Result "1-0"]
[WhiteElo "2358"]
[BlackElo "2480"]
[PlyCount "53"]
[EventDate "2019.??.??"]

1. e4 c5 2. Nf3 d6 3. d4 cxd4 4. Nxd4 Nf6 5. Nc3 a6 6. h3 e6 7. g4 b5 8. Bg2
Bb7 9. O-O b4 10. Nd5 exd5 11. exd5 Be7 12. g5 Nfd7 13. Nc6 Qc7 14. Nxe7 Kxe7
15. Qd4 Kf8 16. Bf4 a5 17. Rfe1 Na6 18. Re2 Qc5 19. Qe4 Ne5 20. Bxe5 dxe5 21.
Qxe5 Nc7 22. Rae1 h6 23. g6 fxg6 24. Qf4+ Kg8 25. Re7 Rf8 26. Qxc7 Qxc7 27.
Rxc7 1-0

[Event "2BLW 1819 DJK Aachen II - Aachener SV"]
[Site "?"]
[Date "2019.02.03"]
[Round "6.3"]
[White "Lemmers, Oscar"]
[Black "Buscher, Michael"]
[Result "1/2-1/2"]
[WhiteElo "2334"]
[BlackElo "2379"]
[PlyCount "41"]
[EventDate "2019.??.??"]

1. e4 c5 2. c3 d5 3. exd5 Qxd5 4. Nf3 Nc6 5. d4 e5 6. Nxe5 Nxe5 7. dxe5 Qxe5+
8. Be2 Bd7 9. O-O O-O-O 10. Bf3 Bc6 11. Nd2 Bd6 12. g3 Bxf3 13. Qxf3 Nf6 14.
Nc4 Qd5 15. Qe2 Bc7 16. Be3 Qe6 17. Rfe1 Rhe8 18. Qf1 Qf5 19. b4 cxb4 20. cxb4
Kb8 21. b5 1/2-1/2

[Event "2BLW 1819 DJK Aachen II - Aachener SV"]
[Site "?"]
[Date "2019.02.03"]
[Round "6.4"]
[White "Braga, Fernando"]
[Black "Sonntag, Hans-Hubert"]
[Result "1/2-1/2"]
[WhiteElo "2397"]
[BlackElo "2337"]
[PlyCount "36"]
[EventDate "2019.??.??"]

1. c4 e6 2. Nf3 d5 3. g3 dxc4 4. Bg2 Nf6 5. Qa4+ c6 6. Qxc4 b5 7. Qc2 Bb7 8.
O-O c5 9. a4 b4 10. d3 a5 11. Nbd2 Be7 12. Nc4 O-O 13. Rd1 Nbd7 14. e4 Nb6 15.
Nfe5 Nxc4 16. Nxc4 Nd7 17. Be3 Nb6 18. Nd2 Qd7 1/2-1/2

[Event "2BLW 1819 DJK Aachen II - Aachener SV"]
[Site "?"]
[Date "2019.02.03"]
[Round "6.5"]
[White "Klein, Felix"]
[Black "Skulener, Wladimir"]
[Result "1/2-1/2"]
[WhiteElo "2329"]
[BlackElo "2383"]
[PlyCount "56"]
[EventDate "2019.??.??"]

1. e4 c5 2. Nf3 e6 3. d4 cxd4 4. Nxd4 Nc6 5. Nc3 a6 6. Nxc6 bxc6 7. Bd3 d5 8.
O-O Nf6 9. Re1 Be7 10. Qf3 O-O 11. Bf4 a5 12. e5 Nd7 13. Qh3 g6 14. Rad1 Nc5
15. Be2 Re8 16. Bf3 Rb8 17. Bc1 Bg5 18. Bxg5 Qxg5 19. b3 Nd7 20. Qg3 Qxg3 21.
hxg3 Ba6 22. Na4 Bb5 23. Nb2 Nb6 24. Nd3 Bxd3 25. Rxd3 Rec8 26. Rd4 c5 27. Rh4
Kg7 28. Kf1 c4 1/2-1/2

[Event "2BLW 1819 DJK Aachen II - Aachener SV"]
[Site "?"]
[Date "2019.02.03"]
[Round "6.6"]
[White "Gulbas, Cemil"]
[Black "Begnis, Nikolaos"]
[Result "1-0"]
[WhiteElo "2399"]
[BlackElo "2273"]
[PlyCount "73"]
[EventDate "2019.??.??"]

1. e4 c5 2. Nf3 d6 3. d4 cxd4 4. Nxd4 Nf6 5. Nc3 Nc6 6. Bg5 e6 7. Qd2 Be7 8.
O-O-O O-O 9. f3 a6 10. g4 Qc7 11. Be3 Nxd4 12. Bxd4 b5 13. g5 Nd7 14. h4 Nc5
15. Kb1 b4 16. Ne2 e5 17. Be3 Rb8 18. h5 Na4 19. b3 Nc3+ 20. Nxc3 bxc3 21. Qg2
Be6 22. g6 fxg6 23. hxg6 hxg6 24. Qxg6 Rf6 25. Qh7+ Kf7 26. Bh3 Rg8 27. Rdg1
Kf8 28. Bg5 Bf7 29. Bxf6 Bxf6 30. Rd1 a5 31. Rd3 a4 32. Rhd1 axb3 33. axb3 Bxb3
34. cxb3 c2+ 35. Kb2 cxd1=Q 36. Rxd1 Qb6 37. Be6 1-0

[Event "2BLW 1819 DJK Aachen II - Aachener SV"]
[Site "?"]
[Date "2019.02.03"]
[Round "6.7"]
[White "Coenen, Norbert"]
[Black "Marcziter, Dmitrii"]
[Result "1/2-1/2"]
[WhiteElo "2295"]
[BlackElo "2242"]
[PlyCount "83"]
[EventDate "2019.??.??"]

1. e4 c5 2. Nf3 a6 3. b3 Nc6 4. Bb2 d5 5. exd5 Qxd5 6. Be2 Nf6 7. O-O e6 8. d4
Be7 9. c4 Qd8 10. dxc5 Qxd1 11. Rxd1 Bxc5 12. Ne5 Nxe5 13. Bxe5 Bd7 14. Bf3 Bc6
15. Bxc6+ bxc6 16. Bxf6 gxf6 17. Nc3 f5 18. Kf1 Rg8 19. Rd3 Rd8 20. Rad1 Rxd3
21. Rxd3 Ke7 22. Na4 Ba7 23. c5 a5 24. f4 Bb8 25. g3 Ba7 26. Ke2 Rb8 27. a3 f6
28. Kd2 h5 29. Kc3 h4 30. Kc4 hxg3 31. hxg3 Rd8 32. Rxd8 Kxd8 33. Nc3 e5 34.
Ne2 Kd7 35. Nc1 Bb8 36. Nd3 Ke6 37. a4 Bc7 38. b4 axb4 39. Nxb4 Kd7 40. Nd3 Ke6
41. Nb4 Kd7 42. Nd3 1/2-1/2

[Event "2BLW 1819 DJK Aachen II - Aachener SV"]
[Site "?"]
[Date "2019.02.03"]
[Round "6.8"]
[White "Juegel, Marcel"]
[Black "Lamby, Philipp"]
[Result "1/2-1/2"]
[WhiteElo "2204"]
[BlackElo "2181"]
[PlyCount "51"]
[EventDate "2019.??.??"]

1. d4 Nf6 2. Nf3 e6 3. e3 b6 4. Nbd2 Bb7 5. Bd3 c5 6. O-O Be7 7. b3 O-O 8. Bb2
cxd4 9. exd4 Nd5 10. Re1 Qc7 11. c4 Nf4 12. Bc2 Nc6 13. a3 d5 14. cxd5 exd5 15.
Rc1 Qd8 16. Nf1 Rc8 17. Ne3 Bd6 18. g3 Nh3+ 19. Kg2 Ng5 20. Nh4 Re8 21. Nhf5
Bf8 22. Qg4 Rc7 23. h4 Ne4 24. h5 Kh8 25. Rh1 h6 26. Qf4 1/2-1/2

[Event "2BLW 1819 SV Koblenz - SV Oberursel"]
[Site "?"]
[Date "2019.02.03"]
[Round "6.1"]
[White "Dubiel, Jacek"]
[Black "Balog, Imre"]
[Result "0-1"]
[WhiteElo "2434"]
[BlackElo "2559"]
[PlyCount "118"]
[EventDate "2019.??.??"]

1. e4 e6 2. d4 d5 3. exd5 exd5 4. Nf3 Bd6 5. Bd3 Nc6 6. O-O Bg4 7. Re1+ Nge7 8.
c3 Qd7 9. Nbd2 f6 10. Nf1 O-O-O 11. b4 g5 12. a4 Ng6 13. a5 Nce7 14. Be2 Kb8
15. Qb3 Nh4 16. Nxh4 Bxe2 17. Rxe2 gxh4 18. a6 b5 19. Qd1 Rdg8 20. Qd3 Rg6 21.
Qf3 Rhg8 22. g3 Qf5 23. Qxf5 Nxf5 24. Ne3 Nxe3 25. Bxe3 f5 26. Kh1 Re8 27. Rae1
Kc8 28. Bc1 Re4 29. Kg2 Kd7 30. Kf1 h5 31. Rxe4 fxe4 32. Be3 h3 33. Ke2 Rf6 34.
Rf1 Rf3 35. Ra1 Ke6 36. Rg1 Kf5 37. Rh1 Kg4 38. Rg1 Rf6 39. Ra1 Rg6 40. Ra5 h4
41. Ra1 Rf6 42. Rg1 hxg3 43. fxg3 Be7 44. Ra1 Rf3 45. Rg1 Rf6 46. Ra1 Rc6 47.
Ra3 Bg5 48. Bxg5 Kxg5 49. Ke1 Kh5 50. Kd2 Rf6 51. Ke2 Rf3 52. Rb3 c6 53. Ra3
Kg4 54. Rb3 e3 55. Rb1 Rf2+ 56. Kxe3 Rxh2 57. Rf1 Rc2 58. Kd3 Rg2 59. Rf7 h2
0-1

[Event "2BLW 1819 SV Koblenz - SV Oberursel"]
[Site "?"]
[Date "2019.02.03"]
[Round "6.2"]
[White "Sulskis, Sarunas"]
[Black "Heinz, Axel"]
[Result "1/2-1/2"]
[WhiteElo "2529"]
[BlackElo "2444"]
[PlyCount "120"]
[EventDate "2019.??.??"]

1. e4 e5 2. Nf3 Nc6 3. Bc4 Bc5 4. Nc3 Nf6 5. d3 a6 6. Nd5 h6 7. Be3 Bxe3 8.
fxe3 d6 9. Nxf6+ Qxf6 10. O-O O-O 11. Qe1 Qd8 12. d4 Qe7 13. Qg3 exd4 14. exd4
Qxe4 15. Rae1 Qg4 16. Bxf7+ Kh7 17. Bg6+ Kg8 18. d5 Qxg3 19. hxg3 Nb4 20. Nh4
Bd7 21. Rxf8+ Rxf8 22. Re7 Bc8 23. Be4 c6 24. Ng6 Rd8 25. Rc7 cxd5 26. Ne7+ Kh8
27. Bg6 Be6 28. Rxb7 Nxa2 29. c3 a5 30. Nc6 Rc8 31. Nd4 Bg8 32. Ra7 Nc1 33.
Rxa5 Bh7 34. Bxh7 Kxh7 35. Rxd5 Nd3 36. Rb5 Re8 37. g4 Re4 38. g5 hxg5 39. Nf3
Re2 40. Nxg5+ Kg6 41. Nh3 Rxb2 42. Rd5 Ne5 43. Rxd6+ Kf5 44. Rd5 Rc2 45. Rc5
Re2 46. Kf1 Rc2 47. Nf2 Kf4 48. Nh3+ Kf5 49. Ng1 Ke4 50. Ne2 Rb2 51. Ng3+ Kf4
52. Ne2+ Ke4 53. Ng3+ Kf4 54. Nh5+ Ke4 55. Kg1 g6 56. Ng3+ Kf4 57. Kh2 Nf3+ 58.
Kh3 Ng1+ 59. Kh2 Nf3+ 60. Kh3 Ng1+ 1/2-1/2

[Event "2BLW 1819 SV Koblenz - SV Oberursel"]
[Site "?"]
[Date "2019.02.03"]
[Round "6.3"]
[White "Schlamp, Robert"]
[Black "Fritsche, Lutz"]
[Result "1/2-1/2"]
[WhiteElo "2281"]
[BlackElo "2284"]
[PlyCount "96"]
[EventDate "2019.??.??"]

1. e4 g6 2. Nf3 Bg7 3. d3 c5 4. g3 Nc6 5. Bg2 Nf6 6. O-O d5 7. Nbd2 O-O 8. c3
Qc7 9. Re1 Rd8 10. Qa4 dxe4 11. dxe4 Rb8 12. Nf1 b5 13. Qc2 h6 14. Bf4 e5 15.
Be3 Bf8 16. h3 Be6 17. g4 Bc4 18. Red1 Rxd1 19. Rxd1 Rd8 20. b3 Rxd1 21. Qxd1
Be6 22. Ng3 b4 23. Qc1 bxc3 24. Qxc3 Qd6 25. Bf1 Nd4 26. Nd2 Kh7 27. Kg2 h5 28.
f3 h4 29. Ne2 Be7 30. Nc4 Qb8 31. Qd3 Nd7 32. Nc3 Nb6 33. Qd2 Nxc4 34. Bxc4 Qd6
35. Nd5 Bd8 36. f4 Bxd5 37. Bxd5 exf4 38. Bxf4 Qe7 39. Qf2 Kg7 40. Bg5 f6 41.
Bxh4 Bc7 42. Bg3 g5 43. Bxc7 Qxc7 44. h4 gxh4 45. Qxh4 Qf4 46. Qg3 Qd2+ 47. Qf2
Qg5 48. Qg3 Qd2+ 1/2-1/2

[Event "2BLW 1819 SV Koblenz - SV Oberursel"]
[Site "?"]
[Date "2019.02.03"]
[Round "6.4"]
[White "Hammes, Michael"]
[Black "Fromme, Ernst"]
[Result "1-0"]
[WhiteElo "2342"]
[BlackElo "2142"]
[PlyCount "57"]
[EventDate "2019.??.??"]

1. d4 Nf6 2. Nf3 d5 3. c4 c6 4. Nc3 Bf5 5. cxd5 Nxd5 6. Qb3 Nxc3 7. bxc3 Qb6 8.
Bf4 Nd7 9. Nd2 Qxb3 10. axb3 Nf6 11. Nc4 Ne4 12. Nb6 Rd8 13. Rxa7 Nxc3 14. e3
e5 15. Bxe5 Bb4 16. Rxb7 Ne4+ 17. Ke2 O-O 18. Na4 c5 19. f3 Nc3+ 20. Nxc3 Bxc3
21. Kf2 Bc8 22. Rc7 cxd4 23. Bxd4 Bxd4 24. exd4 Rxd4 25. Bc4 Rd2+ 26. Kg3 Bf5
27. Re1 h5 28. h4 Rd6 29. Rxf7 1-0

[Event "2BLW 1819 SV Koblenz - SV Oberursel"]
[Site "?"]
[Date "2019.02.03"]
[Round "6.5"]
[White "Haakert, Juergen"]
[Black "Wolf, Volker"]
[Result "1/2-1/2"]
[WhiteElo "2294"]
[BlackElo "2286"]
[PlyCount "21"]
[EventDate "2019.??.??"]

1. Nf3 g6 2. g3 Bg7 3. Bg2 Nf6 4. O-O O-O 5. c4 c5 6. Nc3 Nc6 7. Rb1 Rb8 8. a3
a5 9. d3 d6 10. Ne1 Ne8 11. Bd2 1/2-1/2

[Event "2BLW 1819 SV Koblenz - SV Oberursel"]
[Site "?"]
[Date "2019.02.03"]
[Round "6.7"]
[White "Weber, Samuel"]
[Black "Stewart, Neil"]
[Result "1-0"]
[WhiteElo "2206"]
[BlackElo "2221"]
[PlyCount "83"]
[EventDate "2019.??.??"]

1. e4 e5 2. Nf3 Nc6 3. Bc4 Bc5 4. c3 Nf6 5. d3 d6 6. a4 a5 7. Na3 Ne7 8. h3 Ng6
9. O-O O-O 10. Nc2 c6 11. d4 Bb6 12. dxe5 Nxe4 13. exd6 Nxd6 14. Ba2 Re8 15.
Ncd4 h6 16. Be3 Qf6 17. Nc2 Bxe3 18. fxe3 Qe7 19. Nfd4 Ne5 20. Qe2 b6 21. b4 c5
22. bxc5 bxc5 23. Nb5 Ba6 24. Bd5 Nxb5 25. axb5 Bb7 26. e4 Bxd5 27. exd5 c4 28.
Nd4 Qc5 29. Qe4 Nd7 30. Qg4 Ne5 31. Qe4 Nc6 32. Qxe8+ Rxe8 33. dxc6 Re3 34. Rf5
Qb6 35. Ra3 Rxc3 36. Rxc3 Qxd4+ 37. Kh2 Qxc3 38. c7 Qd3 39. c8=Q+ Kh7 40. Rf4
Qd6 41. Qf5+ Kh8 42. Qxf7 1-0

[Event "2BLW 1819 SV Koblenz - SV Oberursel"]
[Site "?"]
[Date "2019.02.03"]
[Round "6.8"]
[White "Repplinger, Marc"]
[Black "Neininger, Ralph"]
[Result "1/2-1/2"]
[WhiteElo "2207"]
[BlackElo "2126"]
[PlyCount "54"]
[EventDate "2019.??.??"]

1. Nf3 Nf6 2. c4 c5 3. b3 d5 4. cxd5 Nxd5 5. Bb2 f6 6. Nc3 e5 7. e3 Nc6 8. Bc4
Be6 9. O-O Be7 10. d4 cxd4 11. Nxd4 Nxd4 12. exd4 Nxc3 13. Bxc3 Bxc4 14. bxc4
exd4 15. Qh5+ g6 16. Qb5+ Qd7 17. Qxd7+ Kxd7 18. Bxd4 Rhc8 19. Rad1 Ke8 20.
Rfe1 Rd8 21. Kf1 Rd7 22. Be3 b6 23. Ke2 Rc8 24. Rxd7 Kxd7 25. Kd3 Bb4 26. Re2
Re8 27. Bd4 Rxe2 1/2-1/2

[Event "2BLW 1819 SC Hansa Dortmund - SV Mülhe"]
[Site "?"]
[Date "2019.02.03"]
[Round "6.1"]
[White "Warmerdam, Max"]
[Black "Markus, Robert"]
[Result "1/2-1/2"]
[WhiteElo "2440"]
[BlackElo "2599"]
[PlyCount "63"]
[EventDate "2019.??.??"]

1. e4 d6 2. d4 Nf6 3. Nc3 e5 4. Nf3 Nbd7 5. Bc4 Be7 6. a4 O-O 7. O-O c6 8. h3
h6 9. Re1 Re8 10. Nh4 exd4 11. Qxd4 Nf8 12. Nf3 Be6 13. Be3 Qa5 14. Bxe6 Nxe6
15. Qd2 Bf8 16. Nd5 Qd8 17. Nxf6+ Qxf6 18. c4 Qg6 19. Qd3 Qh5 20. a5 Nc5 21.
Bxc5 Qxc5 22. b4 Qxb4 23. Reb1 Qc5 24. Rxb7 Re7 25. a6 Rxb7 26. axb7 Rb8 27.
Rb1 Be7 28. Qd4 Bd8 29. Qxc5 dxc5 30. Ne5 Bb6 31. Nxc6 Rxb7 32. Nxa7 1/2-1/2

[Event "2BLW 1819 SC Hansa Dortmund - SV Mülhe"]
[Site "?"]
[Date "2019.02.03"]
[Round "6.2"]
[White "Heberla, Bartlomiej"]
[Black "Buckels, Valentin"]
[Result "1/2-1/2"]
[WhiteElo "2550"]
[BlackElo "2441"]
[PlyCount "81"]
[EventDate "2019.??.??"]

1. Nf3 Nf6 2. c4 e6 3. b3 d5 4. e3 c5 5. Bb2 Nc6 6. cxd5 exd5 7. Bb5 Be7 8. O-O
O-O 9. d4 Bg4 10. dxc5 Ne4 11. Nbd2 Nxc5 12. Bxc6 bxc6 13. Qc2 Rc8 14. Nd4 Bd6
15. h3 Bd7 16. Nf5 Bxf5 17. Qxf5 Re8 18. Rfd1 Qe7 19. Rac1 a5 20. Qg4 Qf8 21.
Nf3 Ne4 22. Nh4 Be5 23. Bxe5 Rxe5 24. Nf3 Ree8 25. Nd4 c5 26. Nf5 g6 27. f3 Nd6
28. Rxd5 Nxf5 29. Rxf5 Qd6 30. Rf4 Qd2 31. Rcc4 Rcd8 32. Kh2 Qxa2 33. Rxc5 Qxb3
34. Rc7 Rf8 35. Qg5 Rde8 36. e4 Qb8 37. Rc5 a4 38. e5 h6 39. Qg3 Rxe5 40. Rxe5
Qxe5 41. Rxa4 {(=)} 1/2-1/2

[Event "2BLW 1819 SC Hansa Dortmund - SV Mülhe"]
[Site "?"]
[Date "2019.02.03"]
[Round "6.3"]
[White "Zwirs, Nico"]
[Black "Klyuner, Vyacheslav"]
[Result "1/2-1/2"]
[WhiteElo "2419"]
[BlackElo "2444"]
[PlyCount "69"]
[EventDate "2019.??.??"]

1. e4 d6 2. d4 Nf6 3. Nc3 e5 4. dxe5 dxe5 5. Qxd8+ Kxd8 6. Bc4 Be6 7. Bxe6 fxe6
8. Nge2 Nc6 9. Be3 Bd6 10. f3 Ke7 11. Nb5 a6 12. Nxd6 cxd6 13. O-O-O b5 14. Kb1
h6 15. h4 Rac8 16. Rd3 d5 17. exd5 exd5 18. Re1 Kf7 19. Ng3 d4 20. Bd2 Rhd8 21.
Ne4 Nd5 22. a3 a5 23. Rf1 b4 24. f4 Kg8 25. fxe5 bxa3 26. Rxa3 Nxe5 27. Rg3 Nc4
28. Bxh6 Rc7 29. Bc1 Re8 30. Ng5 Nde3 31. Rf4 Na3+ 32. bxa3 Rb8+ 33. Ka1 Rxc2
34. Bxe3 dxe3 35. Rxe3 1/2-1/2